000 00722nam a2200289Ia 4500
001 22761
005 20240114000653.0
007 ta
008 060321s1915 a g b000 u 465 u
020 _cPB
040 _aCotten College,Assam
041 _a465
082 _a537
_bT 664 El
100 _aTownsend, J.S .
245 0 _aElectricity In Gases /
_cJ.S.Townsend.
_hTextual Documents
250 _a1st ed /
260 _aLondon :
_bOxford University Press ,
_c1915.
300 _a496p. :
_bill ;
_c22cm. .
504 _aIndex
653 _aPhysics
653 _aG-Physics
653 _aElectricity
653 _aGases-Electricity
942 _2ddc
_cBK
999 _c22743
_d22743